| 000 | 00592nab#a2200205#c#4500 | ||
|---|---|---|---|
| 999 |
_c53368 _d53368 |
||
| 003 | IEF | ||
| 005 | 20200129133636.0 | ||
| 008 | 950704s1975 uuu|| #####0 b| |u | ||
| 040 |
_aIEF _cES-MaIEF |
||
| 100 |
_aGarcía Margallo Riaza, Manuel _917435 |
||
| 245 |
_aLa evasión fiscal ante el Derecho _c Manuel García-Margallo Riaza |
||
| 260 | _c1975 | ||
| 500 | _aIndice,Conclusiones,Bibliografía | ||
| 650 | 4 |
_aDELITO FISCAL _941798 |
|
| 650 | 4 |
_aEVASION FISCAL _944029 |
|
| 773 | 0 |
_tHacienda pública española _w34570 _g37, p. 135-146 |
|
| 942 | _2udc | ||
| 942 | _2udc | ||